[Event "Petersburg Summer 2016"]
[Site "St Petersburg"]
[Date "2016.08.21"]
[Round "5.23"]
[White "Brugo, Marco"]
[Black "Bondarenko, Ivan"]
[Result "0-1"]
[WhiteElo "2053"]
[BlackElo "2224"]
[PlyCount "81"]
[EventDate "2016.08.17"]
[EventType "swiss"]
[EventCountry "RUS"]

1. d4 Nf6 2. c4 e6 3. Nf3 b6 4. g3 Ba6 5. b3 Bb4+ 6. Bd2 Be7 7. Nc3 d5 8. Bg2
O-O 9. Ne5 Bb7 10. O-O Nbd7 11. Bf4 a6 12. e3 Rc8 13. g4 h6 14. Qe2 c6 15. Rfd1
Re8 16. Rd3 Bb4 17. g5 hxg5 18. Bxg5 Be7 19. e4 Nf8 20. Qf3 N8h7 21. Bxf6 Nxf6
22. Nxf7 Kxf7 23. e5 Rh8 24. Re1 Rh6 25. Rde3 Qh8 26. exf6 Rxf6 27. Qg4 Qh6 28.
Rh3 Qg6 29. Qe2 Bd6 30. Kh1 Rf5 31. Bf3 c5 32. cxd5 exd5 33. Bh5 Rxh5 34. Qxh5
Qxh5 35. Rxh5 cxd4 36. Ne2 d3 37. Ng1 d4+ 38. f3 d2 39. Rd1 Rc1 40. Rxd2 Bxf3+
41. Rg2 0-1

[Event "Petersburg Summer 2016"]
[Site "St Petersburg"]
[Date "2016.08.21"]
[Round "5.24"]
[White "Bezstrakhov, Dmitry"]
[Black "Pyatin, Alexander"]
[Result "1/2-1/2"]
[WhiteElo "1981"]
[BlackElo "2204"]
[PlyCount "95"]
[EventDate "2016.08.17"]
[EventType "swiss"]
[EventCountry "RUS"]

1. d4 Nf6 2. c4 c5 3. d5 e6 4. Nc3 exd5 5. cxd5 d6 6. Nf3 g6 7. e4 Bg7 8. Bb5+
Bd7 9. Bxd7+ Qxd7 10. O-O O-O 11. Re1 Ng4 12. Bf4 Re8 13. Qb3 Na6 14. Rad1 Rac8
15. h3 Ne5 16. Nxe5 dxe5 17. Be3 Bf8 18. a3 Bd6 19. Qb5 Qe7 20. Qe2 Nc7 21. Qg4
b5 22. f4 f6 23. fxe5 Qxe5 24. g3 Qxg3+ 25. Qxg3 Bxg3 26. Rf1 b4 27. d6 Bxd6
28. Rxd6 bxc3 29. bxc3 Rxe4 30. Bd2 Ne8 31. Rd7 Rc7 32. Rxc7 Nxc7 33. Rxf6 Re6
34. Rf1 Kg7 35. Rf3 Re4 36. Rd3 Nb5 37. Rd7+ Kf6 38. Rxh7 Ra4 39. Bc1 Nxa3 40.
Be3 Ra5 41. Rc7 c4 42. Bxa7 Nb5 43. Rc6+ Kf7 44. Bd4 Ra3 45. Rf6+ Ke8 46. Re6+
Kf7 47. Rf6+ Ke8 48. Re6+ 1/2-1/2

[Event "Petersburg Summer 2016"]
[Site "St Petersburg"]
[Date "2016.08.21"]
[Round "5.25"]
[White "Dragun, Valentin"]
[Black "Grigoriev, Oleg"]
[Result "1-0"]
[WhiteElo "2151"]
[BlackElo "2033"]
[PlyCount "79"]
[EventDate "2016.08.17"]
[EventType "swiss"]
[EventCountry "RUS"]

1. e4 c5 2. Nf3 d6 3. Bb5+ Bd7 4. a4 Nf6 5. Nc3 e6 6. e5 dxe5 7. Nxe5 a6 8.
Bxd7+ Nbxd7 9. Nc4 Nb6 10. Nxb6 Qxb6 11. Qf3 Bd6 12. d3 O-O 13. O-O Qc7 14. h3
Be5 15. Ra3 b6 16. Re1 Rad8 17. Ne4 Nd5 18. Ng5 h6 19. Ne4 Nb4 20. Qe2 Rd7 21.
Rb3 Bh2+ 22. Kh1 Bf4 23. Qg4 f5 24. Bxf4 e5 25. Qg6 exf4 26. Nc3 Nxc2 27. Re8
Rxe8 28. Qxe8+ Kh7 29. Rxb6 Rd6 30. Rb8 Qd7 31. Qg8+ Kg6 32. Ne2 Kg5 33. Rf8 g6
34. h4+ Kg4 35. Qh8 g5 36. hxg5 Kxg5 37. Qe5 Rxd3 38. Rg8+ Kh4 39. Qxf4+ Kh5
40. Qh2+ 1-0

[Event "Petersburg Summer 2016"]
[Site "St Petersburg"]
[Date "2016.08.21"]
[Round "5.26"]
[White "Kiseleva, Arina"]
[Black "Nordquelle, Daniel"]
[Result "1-0"]
[WhiteElo "1999"]
[BlackElo "2176"]
[PlyCount "61"]
[EventDate "2016.08.17"]
[EventType "swiss"]
[EventCountry "RUS"]

1. Nf3 Nf6 2. c4 c5 3. Nc3 d5 4. cxd5 Nxd5 5. g3 Nc6 6. Bg2 Nc7 7. d3 e5 8. O-O
Be7 9. Bd2 O-O 10. Rc1 Bd7 11. a3 Rc8 12. Ne4 Ne6 13. b4 cxb4 14. axb4 f6 15.
Nc5 Nxc5 16. bxc5 Be6 17. Qa4 Qd7 18. Rfe1 Rfd8 19. Ba5 Nxa5 20. Qxa5 a6 21.
Nd2 Bd5 22. Ne4 Qc6 23. Bh3 Rc7 24. Nd6 Kh8 25. Bf5 g6 26. Be4 Rdd7 27. Rc2
Bxd6 28. cxd6 Qxc2 29. dxc7 Bxe4 30. Qa3 Rf7 31. Rc1 1-0

[Event "Petersburg Summer 2016"]
[Site "St Petersburg"]
[Date "2016.08.21"]
[Round "5.27"]
[White "Stepanov, Andrey"]
[Black "Zaykov, Sergey"]
[Result "1/2-1/2"]
[WhiteElo "1995"]
[BlackElo "2156"]
[PlyCount "120"]
[EventDate "2016.08.17"]
[EventType "swiss"]
[EventCountry "RUS"]

1. e4 Nf6 2. e5 Nd5 3. d4 d6 4. Nf3 dxe5 5. Nxe5 c6 6. Qf3 Be6 7. c3 Nd7 8.
Nxd7 Qxd7 9. Bd3 g6 10. h3 Bg7 11. Nd2 Bf5 12. Bxf5 Qxf5 13. Qxf5 gxf5 14. Nb3
Bf6 15. Nc5 O-O-O 16. Ke2 h5 17. Nd3 Rdg8 18. Kf3 Rg7 19. Nf4 Nc7 20. h4 Nd5
21. g3 Nxf4 22. Bxf4 Rgg8 23. Rhe1 e6 24. Be5 Bxe5 25. Rxe5 Rg4 26. Rae1 Kd7
27. Ra5 a6 28. Rae5 Re8 29. a4 Re7 30. a5 Kd6 31. Kg2 f6 32. R5e2 f4 33. Kf3
fxg3 34. fxg3 e5 35. dxe5+ fxe5 36. Rd2+ Ke6 37. Rd8 Rf7+ 38. Kg2 e4 39. Rd4
Ke5 40. Rd8 Rf3 41. Re8+ Kd5 42. R1xe4 Rfxg3+ 43. Kf2 Rxe4 44. Rd8+ Ke5 45.
Kxg3 Re3+ 46. Kf2 Rh3 47. Rb8 Rh2+ 48. Ke3 Rxb2 49. Rh8 Kd5 50. Kd3 Rf2 51.
Rxh5+ Kd6 52. Kc4 Rf4+ 53. Kb3 Re4 54. Rh7 Re5 55. Rxb7 Rxa5 56. Rh7 Ra1 57. h5
Rh1 58. Rh8 Kc5 59. h6 Rh4 60. h7 Rh2 1/2-1/2

[Event "Petersburg Summer 2016"]
[Site "St Petersburg"]
[Date "2016.08.21"]
[Round "5.28"]
[White "Vunder, Andrey"]
[Black "Zabolotnov, Evgeny"]
[Result "1/2-1/2"]
[WhiteElo "2138"]
[BlackElo "1994"]
[PlyCount "41"]
[EventDate "2016.08.17"]
[EventType "swiss"]
[EventCountry "RUS"]

1. d4 d5 2. Nf3 Nf6 3. c4 c6 4. cxd5 cxd5 5. Nc3 Nc6 6. Bf4 a6 7. Rc1 Nh5 8.
Bd2 Nf6 9. Bf4 Nh5 10. Be5 f6 11. Bg3 Nxg3 12. hxg3 e5 13. e3 Be6 14. Qc2 g6
15. dxe5 fxe5 16. Rd1 Bb4 17. Bd3 Qf6 18. a3 Bxc3+ 19. Qxc3 Rc8 20. Bb1 O-O 21.
Qd2 1/2-1/2

[Event "Petersburg Summer 2016"]
[Site "St Petersburg"]
[Date "2016.08.21"]
[Round "5.29"]
[White "Pavlova, Natalia"]
[Black "Hurtado, Felipe"]
[Result "1/2-1/2"]
[WhiteElo "1977"]
[BlackElo "2132"]
[PlyCount "64"]
[EventDate "2016.08.17"]
[EventType "swiss"]
[EventCountry "RUS"]

1. Nf3 Nf6 2. g3 d5 3. Bg2 c6 4. c4 Nbd7 5. cxd5 cxd5 6. d4 e6 7. O-O Bd6 8.
Nc3 a6 9. a4 O-O 10. Qd3 h6 11. Nd2 Bb4 12. e4 dxe4 13. Ndxe4 Nd5 14. Bd2 f5
15. Nc5 Nxc5 16. dxc5 Nxc3 17. Qxd8 Rxd8 18. Bxc3 Bxc5 19. Rfd1 Rxd1+ 20. Rxd1
Be7 21. Be5 Kf7 22. Rc1 Bd8 23. b4 g6 24. a5 Ke8 25. Rc4 Bd7 26. Bxb7 Bb5 27.
Bc6+ Bxc6 28. Rxc6 Kd7 29. Rd6+ Ke7 30. f4 Ra7 31. Rc6 Kd7 32. Rd6+ Ke7 1/2-1/2

[Event "Petersburg Summer 2016"]
[Site "St Petersburg"]
[Date "2016.08.21"]
[Round "5.30"]
[White "Tretyakov, Stepan"]
[Black "Slugin, Yaroslav"]
[Result "0-1"]
[WhiteElo "2122"]
[BlackElo "1940"]
[PlyCount "132"]
[EventDate "2016.08.17"]
[EventType "swiss"]
[EventCountry "RUS"]

1. d4 Nf6 2. c4 g6 3. Nc3 d5 4. cxd5 Nxd5 5. e4 Nxc3 6. bxc3 Bg7 7. Bb5+ Bd7 8.
Be2 c5 9. Nf3 Nc6 10. h3 O-O 11. O-O Rc8 12. Rb1 Qc7 13. Be3 Rfd8 14. Qb3 Na5
15. Qa3 Bc6 16. d5 Be8 17. g3 b6 18. Kg2 Ra8 19. Rfd1 h6 20. Ba6 Qd7 21. Bxc5
bxc5 22. Qxa5 Qa4 23. Qxa4 Bxa4 24. Rdc1 Rab8 25. c4 Bb2 26. Rh1 Rb6 27. Bb5
Bxb5 28. Rxb2 Bxc4 29. Rc2 Bd3 30. Rxc5 Bxe4 31. Rc7 Rf6 32. Rc3 Rxd5 33. Re1
Bxf3+ 34. Rxf3 Rxf3 35. Kxf3 e6 36. Re3 Ra5 37. a3 Kf8 38. Rb3 Ke7 39. Rb7+ Kf6
40. Rb3 g5 41. Ke4 Ra4+ 42. Ke3 a6 43. Rc3 Ke5 44. Rd3 f5 45. Kf3 h5 46. Ke3 h4
47. Kf3 g4+ 48. Kg2 gxh3+ 49. Kxh3 hxg3 50. Kxg3 Ke4 51. Re3+ Kd5 52. Kf3 e5
53. Rb3 Kd4 54. Kg3 Rc4 55. Kh4 Rc3 56. Rb4+ Kc5 57. Kg5 Rxa3 58. Rb8 Rf3 59.
Rb2 a5 60. Kf6 e4 61. Ke5 a4 62. Rc2+ Kb4 63. Kd4 a3 64. Re2 Kb3 65. Re1 a2 66.
Rh1 Kb2 0-1

[Event "Petersburg Summer 2016"]
[Site "St Petersburg"]
[Date "2016.08.21"]
[Round "5.31"]
[White "Levdansky, Alexey"]
[Black "Ustinov, Alexey"]
[Result "1/2-1/2"]
[WhiteElo "1973"]
[BlackElo "2117"]
[PlyCount "20"]
[EventDate "2016.08.17"]
[EventType "swiss"]
[EventCountry "RUS"]

1. Nf3 Nf6 2. d4 e6 3. c4 b6 4. g3 Bb7 5. Bg2 Bb4+ 6. Bd2 Qe7 7. O-O Bxd2 8.
Qxd2 d6 9. Nc3 Nbd7 10. b4 O-O 1/2-1/2

[Event "Petersburg Summer 2016"]
[Site "St Petersburg"]
[Date "2016.08.21"]
[Round "5.32"]
[White "Kamnev, Alexander"]
[Black "Yakovlev, Yuri S"]
[Result "1-0"]
[WhiteElo "2101"]
[BlackElo "1891"]
[PlyCount "41"]
[EventDate "2016.08.17"]
[EventType "swiss"]
[EventCountry "RUS"]

1. e4 c5 2. Nf3 e6 3. d4 cxd4 4. Nxd4 a6 5. Bd3 b5 6. Nc3 Bb7 7. O-O Qc7 8. Qe2
Nc6 9. Nxc6 Bxc6 10. Nd5 Bxd5 11. exd5 Nf6 12. dxe6 dxe6 13. a4 Bd6 14. axb5
Bxh2+ 15. Kh1 Bd6 16. bxa6 h5 17. Qf3 O-O 18. Be3 Ng4 19. Be4 Nh2 20. Bxa8 Nxf1
21. Rxf1 1-0

[Event "Petersburg Summer 2016"]
[Site "St Petersburg"]
[Date "2016.08.21"]
[Round "5.33"]
[White "Kuzmichev, Artem"]
[Black "Nikitinyh, Boris"]
[Result "1/2-1/2"]
[WhiteElo "1917"]
[BlackElo "2099"]
[PlyCount "164"]
[EventDate "2016.08.17"]
[EventType "swiss"]
[EventCountry "RUS"]

1. e4 c6 2. Nf3 d5 3. Nc3 dxe4 4. Nxe4 Bg4 5. Bc4 e6 6. h3 Bxf3 7. Qxf3 Nd7 8.
d4 Nb6 9. Bb3 Qxd4 10. c3 Qd7 11. Bf4 Nd5 12. O-O-O b5 13. Rhe1 Be7 14. Kb1 Kf8
15. Qg3 Ngf6 16. Be5 Rg8 17. Ng5 Rh8 18. Bc2 Nh5 19. Qg4 Bxg5 20. Qxg5 Nhf6 21.
Bxf6 gxf6 22. Qh6+ Ke7 23. f4 Rhg8 24. g4 Qc7 25. Be4 Qxf4 26. Qxf4 Nxf4 27.
Bxc6 Rad8 28. Bxb5 Nxh3 29. c4 Nf2 30. Rxd8 Rxd8 31. Rg1 Rd4 32. c5 Nxg4 33. c6
Kd6 34. Rc1 Kc7 35. Rh1 Rb4 36. a4 h6 37. Kc2 Ne3+ 38. Kd3 Nd5 39. Rxh6 a6 40.
Bxa6 Rxa4 41. Bb7 Nb4+ 42. Kc3 Nxc6 43. Bxc6 Kxc6 44. Rxf6 Ra7 45. Kc4 Kd6 46.
b4 Rc7+ 47. Kd4 Rb7 48. Kc4 Ke5 49. Rf1 f5 50. b5 f4 51. Kc5 Rc7+ 52. Kb6 Rc2
53. Rb1 f3 54. Ka7 f2 55. b6 Ra2+ 56. Kb8 Rb2 57. Rxb2 f1=Q 58. b7 Qf8+ 59. Kc7
Qc5+ 60. Kb8 Kd6 61. Ra2 Qc4 62. Ra1 Kc6 63. Ka8 Qc3 64. Ra2 Qb3 65. Ra7 e5 66.
b8=Q Qxb8+ 67. Kxb8 Kd5 68. Rd7+ Kc4 69. Re7 Kd4 70. Kc7 e4 71. Kb6 e3 72. Kb5
Kd3 73. Kb4 e2 74. Kb3 Kd2 75. Rd7+ Ke3 76. Re7+ Kf2 77. Rf7+ Kg2 78. Rg7+ Kf2
79. Rf7+ Kg2 80. Re7 Kf2 81. Ka2 e1=Q 82. Rxe1 Kxe1 1/2-1/2

[Event "Petersburg Summer 2016"]
[Site "St Petersburg"]
[Date "2016.08.21"]
[Round "5.34"]
[White "Filyanin, Daniil"]
[Black "Averyanov, Grigori"]
[Result "1-0"]
[WhiteElo "2098"]
[BlackElo "1821"]
[PlyCount "129"]
[EventDate "2016.08.17"]
[EventType "swiss"]
[EventCountry "RUS"]

1. e4 c5 2. Nf3 d6 3. d4 Nf6 4. dxc5 Nxe4 5. cxd6 Nxd6 6. Nc3 Nc6 7. Bf4 g6 8.
Bxd6 exd6 9. Bc4 Bg7 10. Qe2+ Qe7 11. Qxe7+ Nxe7 12. Nb5 O-O 13. O-O-O d5 14.
Nc7 dxc4 15. Nxa8 Bh6+ 16. Kb1 Bf4 17. Rd4 Bb8 18. Re1 Nc6 19. Rxc4 Be6 20. Rh4
Bd6 21. Ng5 Be7 22. Nxe6 fxe6 23. Rhe4 Rxa8 24. Rxe6 Kf7 25. c3 Bf6 26. Rd6 Rd8
27. Rxd8 Nxd8 28. Kc2 Ne6 29. Re4 Ke7 30. Ra4 a6 31. Rb4 Nd8 32. f4 Kd7 33. Kd3
Be7 34. Re4 Nf7 35. Re3 Nd6 36. g4 Bf8 37. Rh3 h6 38. Kd4 Nb5+ 39. Ke5 Bg7+ 40.
Kd5 Nd6 41. Re3 Ne8 42. Kc5 Nf6 43. h3 b6+ 44. Kc4 Ne8 45. Re2 Bf6 46. a4 Nc7
47. f5 gxf5 48. gxf5 Kc6 49. Kd3 Kd5 50. b3 a5 51. Re4 Kc5 52. Rg4 Nd5 53. c4
Ne7 54. Ke4 Kb4 55. Rg3 Bc3 56. Re3 Bb2 57. Rd3 Kc5 58. Rd8 Kc6 59. Kf4 Bg7 60.
Kg4 Kc7 61. Rd3 Bf6 62. Rf3 Kd6 63. Rd3+ Kc7 64. Re3 h5+ 65. Kxh5 1-0

[Event "Petersburg Summer 2016"]
[Site "St Petersburg"]
[Date "2016.08.21"]
[Round "5.35"]
[White "Zhemchuzhina, Elizaveta"]
[Black "Babanin, Gleb"]
[Result "0-1"]
[WhiteElo "1867"]
[BlackElo "2082"]
[PlyCount "114"]
[EventDate "2016.08.17"]
[EventType "swiss"]
[EventCountry "RUS"]

1. d4 d5 2. c4 e6 3. cxd5 exd5 4. Nc3 Be7 5. Bf4 Nf6 6. e3 O-O 7. Bd3 c6 8. Qc2
Nbd7 9. Nf3 Re8 10. O-O Nf8 11. Rad1 Ne6 12. Be5 g6 13. h3 Ng7 14. Na4 Bf5 15.
Nc5 Bxd3 16. Rxd3 b6 17. Na6 Rc8 18. Rc3 Qd7 19. Rc1 c5 20. dxc5 Qb7 21. Qa4
bxc5 22. Nxc5 Qxb2 23. Kh2 Qxf2 24. R3c2 Qxe3 25. Bf4 Qxc5 26. Rxc5 Bxc5 27.
Qa6 Ne6 28. Be5 Nd7 29. Bg3 d4 30. Qb7 Red8 31. Kh1 Nb6 32. Ne5 Rc7 33. Qf3 Nd5
34. Rf1 f5 35. Nd3 f4 36. Bxf4 Rf7 37. Qg3 Nexf4 38. Nxf4 Bd6 39. Qg5 Be7 40.
Qe5 Nxf4 41. Rxf4 Rxf4 42. Qxf4 d3 43. Qc4+ Kf8 44. Qf4+ Ke8 45. Qd2 Rd5 46. g3
Kd7 47. h4 a5 48. Qg2 Kc6 49. Qe4 d2 50. Qe6+ Bd6 51. Qc8+ Kb5 52. Qb7+ Kc4 53.
Qb3+ Kd4 54. Kg2 Bb4 55. Kf3 Ke5 56. Qe3+ Kf6 57. Qb6+ Rd6 0-1

[Event "Petersburg Summer 2016"]
[Site "St Petersburg"]
[Date "2016.08.21"]
[Round "5.36"]
[White "Kozyrin, Aleksandr"]
[Black "Popovich, Alexey"]
[Result "1-0"]
[WhiteElo "2058"]
[BlackElo "1818"]
[PlyCount "114"]
[EventDate "2016.08.17"]
[EventType "swiss"]
[EventCountry "RUS"]

1. c4 e5 2. Nc3 Nf6 3. Nf3 Nc6 4. g3 d5 5. cxd5 Nxd5 6. d3 Be7 7. Bg2 Be6 8.
O-O O-O 9. a3 h6 10. Bd2 Qd7 11. Rc1 f5 12. b4 a6 13. Qc2 Rad8 14. Na4 Rfe8 15.
Nc5 Bxc5 16. Qxc5 e4 17. Ne1 Nf6 18. Bc3 b6 19. Qe3 Nd5 20. Qd2 Nxc3 21. Rxc3
Bf7 22. Nc2 Ne5 23. d4 Nc6 24. Rd1 Re7 25. e3 Ne5 26. Ne1 Nc4 27. Qc2 b5 28.
Bf1 c6 29. Rc1 Qb7 30. Bxc4 Bxc4 31. Rxc4 bxc4 32. Qxc4+ Rd5 33. Qxc6 Qxc6 34.
Rxc6 a5 35. Rc5 Rxc5 36. dxc5 axb4 37. axb4 Rb7 38. Nc2 Kf7 39. Kf1 g6 40. Ke2
Ke6 41. c6 Rb8 42. Nd4+ Kd6 43. b5 Kc5 44. Kd2 Ra8 45. Kc3 Ra3+ 46. Kb2 Ra8 47.
Kb3 Rb8 48. h4 g5 49. c7 Rc8 50. h5 Kb6 51. Nxf5 Rxc7 52. Kb4 Rf7 53. g4 Rf6
54. Kc4 Re6 55. Kd5 Re8 56. Nd6 Rd8 57. Ke5 Kc5 1-0

[Event "Petersburg Summer 2016"]
[Site "St Petersburg"]
[Date "2016.08.21"]
[Round "5.37"]
[White "Rubtsov, Aleksandr"]
[Black "Shinkevich, Maksim"]
[Result "1-0"]
[WhiteElo "1817"]
[BlackElo "2052"]
[PlyCount "93"]
[EventDate "2016.08.17"]
[EventType "swiss"]
[EventCountry "RUS"]

1. e4 c5 2. Nf3 Nc6 3. d4 cxd4 4. Nxd4 Nf6 5. Nc3 d6 6. Bg5 e6 7. Qd2 a6 8.
O-O-O Bd7 9. f4 b5 10. Bxf6 gxf6 11. f5 Qb6 12. fxe6 fxe6 13. Nxc6 Bxc6 14. Qe1
O-O-O 15. Bd3 Bh6+ 16. Kb1 Qe3 17. Qh4 Bg5 18. Qg4 Bd7 19. a4 h5 20. Qf3 Qxf3
21. gxf3 bxa4 22. Bxa6+ Kc7 23. Bc4 Rhg8 24. Nb5+ Bxb5 25. Bxb5 Ra8 26. Ka2 Be3
27. Rd3 Bc5 28. Rd2 h4 29. Bc4 Kd7 30. Bf1 Rab8 31. Bh3 Rb4 32. b3 Ra8 33. Kb2
Bd4+ 34. Rxd4 Rxd4 35. Kc3 axb3 36. cxb3 Rb8 37. Kxd4 Rxb3 38. Ra1 Rb2 39. Ra7+
Kc6 40. Bxe6 Rxh2 41. Rh7 Rh1 42. Bd7+ Kb6 43. Bg4 Kc6 44. Rh5 Rh2 45. Ke3 Kb6
46. Be6 Rh1 47. Kf2 1-0

[Event "Petersburg Summer 2016"]
[Site "St Petersburg"]
[Date "2016.08.21"]
[Round "5.38"]
[White "Pitkanen, Juhani"]
[Black "Krukovsky, Alexander"]
[Result "0-1"]
[WhiteElo "1676"]
[BlackElo "2024"]
[PlyCount "62"]
[EventDate "2016.08.17"]
[EventType "swiss"]
[EventCountry "RUS"]

1. d4 Nf6 2. Bf4 c5 3. e3 Qb6 4. Nc3 d6 5. dxc5 Qxc5 6. Nf3 g6 7. Bb5+ Bd7 8.
Bxd7+ Nbxd7 9. Ne2 Bg7 10. c3 O-O 11. O-O b5 12. Nfd4 Rfc8 13. Rc1 Qb6 14. Bg3
Rab8 15. Rc2 Qa6 16. a3 Qb6 17. h3 Rb7 18. Bh2 Rbc7 19. Qb1 a5 20. Rfc1 Qa6 21.
b4 a4 22. Nf3 Nb6 23. Nd2 Nc4 24. Nxc4 Rxc4 25. Qb2 R8c7 26. Kf1 Ne4 27. Bg1
Qc8 28. Nd4 Bxd4 29. exd4 Rxc3 30. Rxc3 Rxc3 31. Rxc3 Qxc3 0-1

[Event "Petersburg Summer 2016"]
[Site "St Petersburg"]
[Date "2016.08.21"]
[Round "5.39"]
[White "Korobitsyn, Daniil"]
[Black "Kuznetsov, Mikhail"]
[Result "1-0"]
[WhiteElo "2021"]
[BlackElo "1699"]
[PlyCount "175"]
[EventDate "2016.08.17"]
[EventType "swiss"]
[EventCountry "RUS"]

1. e4 c5 2. Nf3 d6 3. d4 cxd4 4. Nxd4 Nf6 5. Nc3 a6 6. Bg5 e6 7. Qd2 h6 8. Bxf6
Qxf6 9. O-O-O Nc6 10. Nb3 Be7 11. Kb1 O-O 12. f4 b5 13. Bd3 Bd8 14. g4 Qh4 15.
Rdg1 b4 16. Ne2 Bb6 17. Rg3 a5 18. Ng1 a4 19. Nc1 a3 20. g5 hxg5 21. fxg5 Ne5
22. b3 Bc5 23. Qg2 Bb7 24. Nf3 Nxf3 25. Qxf3 f5 26. gxf6 Rxf6 27. Qg2 Rf7 28.
Rf1 Raf8 29. Rh3 Qe7 30. Rxf7 Qxf7 31. Qg4 Qf6 32. e5 Qxe5 33. Bh7+ Kf7 34. Nd3
Qf6 35. Rg3 Bd4 36. Be4 Bxe4 37. Qxe4 d5 38. Qg4 Ke7 39. Rg2 Qf1+ 40. Nc1 Bb2
41. Qxb4+ Kf7 42. Qd2 Kg8 43. Rg3 Qh1 44. Qe3 Qxh2 45. Qxe6+ Rf7 46. Qc8+ Rf8
47. Qe6+ Rf7 48. Rf3 Bf6 49. Qxd5 Qc7 50. Rd3 Qe5 51. Qxe5 Bxe5 52. Rd1 Rf3 53.
c4 g5 54. Nd3 Bc7 55. Kc2 g4 56. Rg1 g3 57. Kd2 Kg7 58. b4 Kg6 59. Ke2 Rf8 60.
Rb1 Re8+ 61. Kf3 Rd8 62. Nf4+ Kf5 63. Nd5 Bb8 64. Re1 Kg5 65. Re2 Rf8+ 66. Kg2
Rh8 67. c5 Rh2+ 68. Kf3 Rxe2 69. Kxe2 Kh4 70. Kf3 Kh3 71. Ne3 Bc7 72. Ng2 Kh2
73. Ne3 Kh3 74. Ke4 g2 75. Nxg2 Kxg2 76. Kd5 Kf3 77. b5 Ke3 78. b6 Bb8 79. c6
Kd3 80. c7 Bxc7 81. bxc7 Kc2 82. c8=Q+ Kb1 83. Qc4 Kb2 84. Kd4 Kb1 85. Kd3 Kb2
86. Kd2 Kb1 87. Kd1 Kb2 88. Qb3+ 1-0

[Event "Petersburg Summer 2016"]
[Site "St Petersburg"]
[Date "2016.08.21"]
[Round "5.40"]
[White "Grausgruber, Rene"]
[Black "Lapin, Nikita"]
[Result "1/2-1/2"]
[WhiteElo "2014"]
[BlackElo "1641"]
[PlyCount "105"]
[EventDate "2016.08.17"]
[EventType "swiss"]
[EventCountry "RUS"]

1. e4 c5 2. Nc3 a6 3. Nge2 b5 4. d4 cxd4 5. Nxd4 Bb7 6. Bd3 Nf6 7. Qe2 Nc6 8.
Nxc6 Bxc6 9. O-O g6 10. Nd5 Bg7 11. Nb4 Qc7 12. a4 O-O 13. axb5 axb5 14. Bg5
Qe5 15. Bxf6 Bxf6 16. c3 Bg7 17. Kh1 Bh6 18. Nxc6 dxc6 19. g3 Rfd8 20. f4 Qd6
21. e5 Qc7 22. Rxa8 Rxa8 23. Qf3 e6 24. Bxb5 Rb8 25. Bxc6 Rxb2 26. c4 Rb6 27.
Bb5 Bf8 28. Rd1 Qb7 29. Kg2 Qxf3+ 30. Kxf3 Rb7 31. Ke4 Rc7 32. g4 Kg7 33. h4
Be7 34. g5 Kf8 35. Rd3 Ra7 36. h5 gxh5 37. Rh3 Bc5 38. Rxh5 Ra3 39. f5 exf5+
40. Kxf5 Kg7 41. Bc6 Ra1 42. Be4 Rc1 43. Kf4 Rxc4 44. Rxh7+ Kg8 45. Rh6 Be7 46.
Rh5 Ba3 47. Kf5 Bc1 48. Rh1 Kf8 49. Rf1 Bxg5 50. Bd5 Rd4 51. Kxg5 Rxd5 52. Kf6
Rd2 53. Rf4 1/2-1/2

[Event "Petersburg Summer 2016"]
[Site "St Petersburg"]
[Date "2016.08.21"]
[Round "5.41"]
[White "Pankova, Julia"]
[Black "Gnidenko, Andrey"]
[Result "0-1"]
[WhiteElo "1845"]
[BlackElo "2204"]
[PlyCount "66"]
[EventDate "2016.08.17"]
[EventType "swiss"]
[EventCountry "RUS"]

1. e4 Nf6 2. e5 Nd5 3. d4 d6 4. Nf3 g6 5. Bc4 Nb6 6. Bb3 Bg7 7. Ng5 O-O 8. e6
fxe6 9. Bxe6+ Kh8 10. Nf7+ Rxf7 11. Bxf7 e6 12. d5 Nxd5 13. c4 Nf6 14. Nc3 Qe7
15. Bxg6 hxg6 16. Bg5 Nc6 17. O-O Ne5 18. Qe2 Bd7 19. f4 Nf7 20. Qd3 Nxg5 21.
fxg5 Nh5 22. Qxg6 Be8 23. Qd3 Qxg5 24. Ne4 Qg6 25. Nf2 Qxd3 26. Nxd3 Bc6 27.
Rf7 Bd4+ 28. Kf1 Kg8 29. Rxc7 Rf8+ 30. Ke2 Bxg2 31. Kd2 e5 32. Re1 e4 33. Nc1
Bb6 0-1

[Event "Petersburg Summer 2016"]
[Site "St Petersburg"]
[Date "2016.08.21"]
[Round "5.42"]
[White "Fridman, Anatoly"]
[Black "Sanarov, Leonid"]
[Result "1-0"]
[WhiteElo "2191"]
[BlackElo "1856"]
[PlyCount "73"]
[EventDate "2016.08.17"]
[EventType "swiss"]
[EventCountry "RUS"]

1. d4 Nf6 2. c4 g6 3. Nc3 Bg7 4. e4 d6 5. Nf3 O-O 6. Be2 Nbd7 7. Bg5 h6 8. Bh4
e5 9. d5 a5 10. Nd2 Nc5 11. b3 g5 12. Bg3 Nfxe4 13. Ncxe4 Nxe4 14. Nxe4 f5 15.
h4 fxe4 16. Bg4 Qf6 17. Bxc8 Raxc8 18. Qe2 Qf5 19. hxg5 Qxg5 20. Qxe4 Rce8 21.
Rh4 Re7 22. Qg4 e4 23. Rd1 e3 24. f4 Qxg4 25. Rxg4 Kh7 26. Ke2 Bf6 27. Bh4 Bxh4
28. Rxh4 Rg7 29. Kf3 Re8 30. Re1 a4 31. g4 axb3 32. axb3 Rge7 33. g5 e2 34.
Rxh6+ Kg7 35. Re6 Rxe6 36. dxe6 Rxe6 37. Rxe2 1-0

[Event "Petersburg Summer 2016"]
[Site "St Petersburg"]
[Date "2016.08.21"]
[Round "5.43"]
[White "Shadunts, Kirill"]
[Black "Shadrin, Anton"]
[Result "1/2-1/2"]
[WhiteElo "1824"]
[BlackElo "2066"]
[PlyCount "61"]
[EventDate "2016.08.17"]
[EventType "swiss"]
[EventCountry "RUS"]

1. d4 Nf6 2. c4 g6 3. Nc3 d5 4. cxd5 Nxd5 5. e4 Nxc3 6. bxc3 Bg7 7. Be3 c5 8.
Qd2 cxd4 9. cxd4 Nc6 10. Bb5 O-O 11. Ne2 e5 12. d5 Nd4 13. Bd3 Bg4 14. Nxd4
exd4 15. Bh6 f5 16. Bxg7 Kxg7 17. f3 Qh4+ 18. g3 Qf6 19. O-O Bh3 20. Rf2 Rac8
21. Re1 Rfe8 22. Qf4 g5 23. Qd2 Rc3 24. Bb5 Re7 25. e5 Rxe5 26. Rxe5 Qxe5 27.
Qxg5+ Kf8 28. Qd8+ Kg7 29. Qg5+ Kh8 30. Qd8+ Kg7 31. Qg5+ 1/2-1/2

[Event "Petersburg Summer 2016"]
[Site "St Petersburg"]
[Date "2016.08.21"]
[Round "5.44"]
[White "Mestnikov, Aital"]
[Black "Shidlovskiy, Artemiy"]
[Result "1/2-1/2"]
[WhiteElo "2040"]
[BlackElo "1884"]
[PlyCount "119"]
[EventDate "2016.08.17"]
[EventType "swiss"]
[EventCountry "RUS"]

1. e4 c5 2. Nf3 d6 3. d4 cxd4 4. Nxd4 Nf6 5. Nc3 Nc6 6. Bg5 e6 7. Be2 Be7 8.
O-O O-O 9. Ndb5 Ne8 10. Bxe7 Qxe7 11. f4 a6 12. Nd4 Nxd4 13. Qxd4 b5 14. Rad1
Qa7 15. Bf3 Qxd4+ 16. Rxd4 Bb7 17. e5 Bxf3 18. Rxf3 dxe5 19. fxe5 f6 20. Re3
Nc7 21. Rd7 Rf7 22. Red3 Raf8 23. exf6 Rxf6 24. h3 Ne8 25. Ne4 Rf1+ 26. Kh2 Nf6
27. Nxf6+ R1xf6 28. Ra7 e5 29. Rd5 Re6 30. Rdd7 Rg6 31. Re7 h6 32. Kg1 Rf5 33.
Ra8+ Kh7 34. Rd8 b4 35. Rdd7 Rfg5 36. Rd2 Rb6 37. Re2 Rb5 38. Kf2 Rf5+ 39. Ke1
a5 40. Re4 h5 41. g4 Rg5 42. Rc4 hxg4 43. hxg4 Rd5 44. Ke2 Rg6 45. Ke3 Kh6 46.
a3 bxa3 47. bxa3 Rb6 48. Ke4 Rbb5 49. Kf5 g6+ 50. Kf6 Rd6+ 51. Re6 Rd4 52. Rxd4
exd4 53. Rd6 Rc5 54. Rxd4 Rc6+ 55. Ke5 Rxc2 56. Rd5 Kg5 57. Rxa5 Re2+ 58. Kd6+
Kxg4 59. Ra8 g5 60. a4 1/2-1/2

[Event "Petersburg Summer 2016"]
[Site "St Petersburg"]
[Date "2016.08.21"]
[Round "5.45"]
[White "Egorov, Daniil"]
[Black "Kuzmishin, Leonid"]
[Result "1-0"]
[WhiteElo "2030"]
[BlackElo "1762"]
[PlyCount "127"]
[EventDate "2016.08.17"]
[EventType "swiss"]
[EventCountry "RUS"]

1. d4 e6 2. e4 d5 3. Nc3 Bb4 4. e5 Ne7 5. a3 Bxc3+ 6. bxc3 b6 7. Qg4 Ng6 8. h4
h5 9. Qg3 Ba6 10. Bxa6 Nxa6 11. Nf3 c5 12. O-O cxd4 13. cxd4 Rc8 14. Ng5 Qd7
15. Qd3 Nb8 16. g3 Nc6 17. Bd2 Nge7 18. a4 Nf5 19. Nf3 Nb8 20. a5 O-O 21. Rfb1
Qc6 22. axb6 axb6 23. c3 Nd7 24. Ng5 Ra8 25. Qf3 f6 26. exf6 Nxf6 27. Qe2 Rae8
28. Ra6 Qc4 29. Qxc4 dxc4 30. Raxb6 e5 31. Ne6 Rxe6 32. Rxe6 exd4 33. Bg5 dxc3
34. Bxf6 c2 35. Rc1 gxf6 36. Re4 Rd8 37. Rxc2 Nd4 38. Rxc4 Nf3+ 39. Kg2 Ne5 40.
Rc7 Rd2 41. Ra4 Rd8 42. Raa7 Ng4 43. Ra5 Ne5 44. Kh3 Nd3 45. f4 Nf2+ 46. Kg2
Ne4 47. Rxh5 Rd3 48. Re7 Rxg3+ 49. Kh2 Re3 50. Ra7 Nf2 51. Rb5 Ng4+ 52. Kg2 Re8
53. Kf3 Ne3 54. Rb6 f5 55. Rba6 Ng4 56. Rg6+ Kh8 57. Rb6 Re3+ 58. Kg2 Re8 59.
Rb5 Kg8 60. h5 Kh8 61. Kg3 Nh6 62. Kh4 Rg8 63. Rbb7 Rg4+ 64. Kh3 1-0